000 00941nam0a22002531 4500
001 rc\4788590
005 20250613071712.0
021 _aRU
_b61-77818
021 _aRU
_bРг9514
035 _a(NLR Aleph) 009006643
090 _a9341169
_c9341169
100 _a20130417g19601961|||y0rusy50 ca
101 0 _arus
102 _aRU
105 _aa z |||||
200 1 _aКурсовое проектирование по деталям машин
_e(Руководство для студентов, применительно к мех. специальности)
_fМРФ РСФСР. Горьк. ин-т инженеров водного транспорта
210 _aГорький
_cБ. и.
_d1960 (вып. дан. 1961)
215 _a102 с., 9 л. черт.
_cчерт.
_d25
700 1 _aОгороднов
_bМ.И.
801 0 _aRU
_bNLR
_gpsbo
801 1 _aRU
_bELAR
_2rusmarc
852 _aNLR
_j61-7/2074
942 _cBOOK
980 _aNB